10-Letter Country Match-Up Quiz Stats

 Plays Quiz Updated Aug 11, 2016

Challenge
Share
Tweet
Score 0/20 Timer 04:00
8 Plays Today
% Correct
Az
93.6%
Uz
92.5%
Ne
87.8%
El
86.8%
So
85%
No
84.5%
Ka
83.8%
Ky
81.3%
Lu
77.9%
So
72.6%
% Correct
Ta
72.1%
Mo
71.9%
Ti
61.1%
Ba
60.6%
Se
60.2%
Mi
59.5%
Ma
56.5%
Ma
55.4%
Mo
55.2%
Sa
45.1%

You're not logged in!

Compare scores with friends on all Sporcle quizzes.
OR
Log In

You Might Also Like...

Show Comments

Extras

Top Quizzes Today


Score Distribution

Your Account Isn't Verified!

In order to create a playlist on Sporcle, you need to verify the email address you used during registration. Go to your Sporcle Settings to finish the process.

Report this User

Report this user for behavior that violates our Community Guidelines.

Details: